Statistics for Ultimate Punctuation Quiz

Click here to take the quiz!

General Stats

  • This quiz has been taken 16 times
  • The average score is 20 of 27

Answer Stats

MarkAnswer% Correct
,Comma
100%
=Equal
100%
.Period
100%
+Plus
100%
?Question Mark
100%
$Dollar Sign
94%
/Slash
94%
&Ampersand
88%
'Apostrophe
88%
:Colon
88%
!Exclamation Mark
88%
;Semicolon
88%
"Quotation Mark
81%
_Underscore
81%
*Asterisk
75%
\Backslash
75%
@At Sign
69%
#Hashtag
69%
-Hyphen
63%
<Less Than
63%
>Greater Than
56%
%Percent Sign
56%
(Parenthesis
50%
{Brace
44%
^Caret
31%
|Vertical Bar
25%
[Crochets
19%

Score Distribution

Percentile by Number Answered

Percent of People with Each Score

Your Score History

You have not taken this quiz